00952cam a22002531 45000010005000000030008000050050017000130080039000300350018000690400032000870410008001190820022001271100019001492450161001682500014003292600069003433000031004124900027004435040020004706500054004907000033005447000028005778560093006054383BD-RjUL20211208233901.0131222r19591959caua 001 0 eng a(BD-RjUL)4418 aDLCcDLCdDLCdBD-RjULbeng aeng00a342.733bUNY 19591 aUnited States.10aYour rugged Constitution :bhow America's house of freedom is planned and built /cBruce Allyn Findlay [and] Esther Blair Findlay. Illus. by Richard Dawson. a[Rev. ed. aStanford :bStanford University Press ,cc1952 [Reprinted 1959]. a282 p. :billus. ;c21 cm.0 aAmerican ideals series aIncludes index. 0aConstitutional lawzUnited StatesvPopular works.1 aFindlay, Bruce Allyn,d1895-1 aFindlay, Esther (Blair) uhttp://www.worldcat.org/title/your-rugged-constitution/oclc/499242&referer=brief_results